[Event "St Cugat op"]
[Site "St Cugat"]
[Date "1995.??.??"]
[Round "5"]
[White "Comas Fabrego, Luis"]
[Black "Cuadras, Jorge"]
[Result "1/2-1/2"]
[WhiteElo "2490"]
[BlackElo "2300"]

1.d4 Nf6 2.c4 g6 3.Nc3 d5 4.cxd5 Nxd5 5.e4 Nxc3 6.bxc3 Bg7 7.Qa4+ Nd7 8.Nf3 c5
9.Bg5 O-O 10.Rc1 h6 11.Be3 Nb6 12.Qa5 f5 13.exf5 cxd4 14.cxd4 Bxf5 15.Be2 Nd5
16.Qb5 Qd7 17.Qxd7 Bxd7 18.Bc4 Be6 19.Bb3 Rac8 20.Kd2 Kf7 21.Rhe1 Nxe3 22.Bxe6+ Kxe6
23.fxe3 Rxc1 24.Rxc1 Rf5 25.Kd3 Ra5 26.Rc2 h5 27.Ke4 Bf6 28.Nd2 Ra4 29.h3 Be5
30.g4 hxg4 31.hxg4 Bd6 32.Rb2 b6 33.Nf3 Rc4 34.Ng5+ Kd7 35.Nf7 Ke6 36.Rf2 Rc1
37.Ng5+ Kd7 38.Kd5 Rb1 39.Nf3 Rb5+ 40.Ke4 Ke6 41.d5+ Kd7 42.Ne5+ Bxe5 43.Kxe5 Ra5
44.e4 b5 45.Rf8 Rxa2 46.Rb8 Ra6 47.Rb7+ Kd8 48.Rxb5 Kc7 49.Rb4 Rd6 50.Ra4 a6
51.Ra1 Kd7 52.g5 Rb6 53.Ra4 Kc7 54.Kd4 Kb7 55.Ra1 Rb4+ 56.Ke5 Rb6 57.Rf1 Kc7
58.Rf7 Kd7 59.Rf8 Kc7 60.Re8 Kd7 61.Ra8 Kc7 62.Ra7+ Kd8 63.Kf4 Ke8 64.Ke5 Kd8
65.Kd4 Rb4+ 66.Kc5 Rxe4 67.Rxa6 Ke8 68.Rxg6 Rg4  1/2-1/2

[Event "St Petersburg-ch"]
[Site "St Petersburg"]
[Date "1995.??.??"]
[Round "5"]
[White "Nepomnishay, Mikhail I"]
[Black "Gubanov, Anton"]
[Result "1-0"]
[WhiteElo "2410"]
[BlackElo "2420"]

1.d4 Nf6 2.c4 g6 3.Nc3 d5 4.cxd5 Nxd5 5.e4 Nxc3 6.bxc3 Bg7 7.Nf3 c5 8.Bb5+ Bd7
9.Bxd7+ Nxd7 10.O-O O-O 11.Bg5 Qc7 12.Qd2 Qa5 13.Qe3 e6 14.Bh6 cxd4 15.cxd4 Rfc8
16.Bxg7 Kxg7 17.Rfc1 Nb6 18.Qf4 Rxc1+ 19.Rxc1 Rc8 20.Rxc8 Nxc8 21.h4 Qb5
22.h5 gxh5 23.Qg3+ Kf6 24.Qg8 Nb6 25.Ne5 Ke7 26.Qxf7+ Kd8 27.Qxb7 Ke8 28.Qb8+ Ke7
29.Qxa7+  1-0

[Event "St Petersburg op"]
[Site "St Petersburg"]
[Date "1995.??.??"]
[Round "7"]
[White "Gleizerov, Evgeny"]
[Black "Gubanov, Anton"]
[Result "1-0"]
[WhiteElo "2545"]
[BlackElo "2420"]

1.d4 Nf6 2.c4 g6 3.Nc3 d5 4.cxd5 Nxd5 5.e4 Nxc3 6.bxc3 Bg7 7.Bb5+ Bd7 8.Be2 c5
9.Nf3 Bg4 10.Rb1 cxd4 11.cxd4 Nc6 12.d5 Bxf3 13.gxf3 Nd4 14.Qa4+ Kf8 15.Be3 Nxe2
16.Kxe2 b6 17.Rbc1 h5 18.f4 Kg8 19.Rhg1 Kh7 20.f5 Rc8 21.fxg6+ fxg6 22.Rc6 Bf6
23.e5 Bxe5 24.Rcxg6 Qe8 25.Rh6+  1-0

[Event "St Petersburg-ch"]
[Site "St Petersburg"]
[Date "1995.??.??"]
[Round "9"]
[White "Nepomnishay, Mikhail I"]
[Black "Karasev, Vladimir I"]
[Result "1-0"]
[WhiteElo "2410"]
[BlackElo "2405"]

1.d4 Nf6 2.c4 g6 3.Nc3 d5 4.cxd5 Nxd5 5.e4 Nxc3 6.bxc3 Bg7 7.Nf3 c5 8.Be2 O-O
9.O-O Bg4 10.Be3 Qa5 11.Qb3 cxd4 12.cxd4 Nc6 13.Rad1 Qb4 14.Qxb4 Nxb4 15.Rd2 Rfd8
16.Rb1 Nc6 17.d5 Na5 18.Rc2 e6 19.Bg5 Rdc8 20.Rxc8+ Rxc8 21.d6 f6 22.Bd2 b6
23.d7 Rd8 24.Bxa5 bxa5 25.Rb7 Bxf3 26.Bxf3 Kf7 27.Bd1 f5 28.exf5 gxf5 29.Rxa7 Ke7
30.Ba4 Bc3 31.Rb7 Be5 32.g3 Rb8 33.Ra7 Rb1+ 34.Kg2 Bf6 35.Ra8  1-0

[Event "SVK-chT"]
[Site "?"]
[Date "1995.??.??"]
[Round "?"]
[White "Lembak, Jurij"]
[Black "Fabian, Jaroslav"]
[Result "1-0"]
[WhiteElo "2295"]
[BlackElo "2295"]

1.d4 Nf6 2.c4 g6 3.Nc3 d5 4.cxd5 Nxd5 5.e4 Nxc3 6.bxc3 Bg7 7.Be3 O-O 8.Nf3 c5
9.Be2 Nc6 10.O-O cxd4 11.cxd4 Bg4 12.e5 Qd7 13.h3 Bxf3 14.Bxf3 Rfd8 15.Rb1 b6
16.Qe2 h6 17.Rfd1 e6 18.Be4 Rac8 19.h4 Ne7 20.h5 g5 21.Rbc1 Nd5 22.Bd2 Rxc1
23.Rxc1 Nf4 24.Bxf4 gxf4 25.Bc2 b5 26.Rd1 a5 27.Qe4 Qd5 28.Qh7+ Kf8 29.Bb3 Qc6
30.Qc2 Qxc2 31.Bxc2 Ke7 32.g3 fxg3 33.f4 Rc8 34.Bd3 b4 35.Kg2 Rd8 36.Be2 Rc8
37.Bd3 Rc3 38.Kxg3 Kd7 39.Kf2 b3 40.axb3 Rxb3 41.Bc4 Rb4 42.Rc1 f6 43.Ke3 fxe5
44.fxe5 Bf8 45.Kd3 a4 46.Rg1 a3 47.Rg6 Rb2 48.Rxe6 Rh2 49.Ra6 Rxh5 50.Ra8 Bb4
51.Bb5+ Ke6 52.Kc4 Be7 53.Ra6+ Kf7 54.Kd5 Rh2 55.Bc4 h5 56.Kc6+ Kf8 57.Kd7 Rd2
58.Ra8+ Kg7 59.Kxe7 Rxd4 60.Bf7 Re4 61.e6 h4 62.Rxa3 Rg4 63.Be8  1-0

[Event "SVK-chT"]
[Site "?"]
[Date "1995.??.??"]
[Round "?"]
[White "Balogh, Peter"]
[Black "Lisko, Frantisek"]
[Result "1/2-1/2"]
[WhiteElo "2255"]
[BlackElo "2340"]

1.d4 Nf6 2.c4 g6 3.Nc3 d5 4.cxd5 Nxd5 5.e4 Nxc3 6.bxc3 Bg7 7.Bb5+ c6 8.Ba4 b5
9.Bb3 b4 10.Ne2 bxc3 11.Be3 Qa5 12.Qc2 Ba6 13.Qxc3 Qxc3+ 14.Nxc3 Nd7 15.Rc1 O-O
16.Na4 Rfc8 17.f4 Bd3 18.e5 e6 19.Kf2 Be4 20.Bd2 Bf8 21.Rhe1 Bd5 22.Rc2 Rab8
23.Bc4 Nb6 24.Nxb6 axb6 25.Bb3 Rd8 26.Bc3 c5 27.Bxd5 Rxd5 28.Ke3 Ra8 29.Rb1 Ra4
30.Rd1 cxd4+ 31.Bxd4 Bc5 32.Rcd2 Rdxd4 33.Rxd4 Rxa2 34.Kf3 Bxd4 35.Rxd4 Rb2
36.Rd8+ Kg7 37.Rb8 h6 38.h4 Rb3+ 39.Kf2 Rb2+ 40.Kf3 h5 41.Kg3 b5 42.Kf3 b4
43.Kg3 b3 44.Kf3 Rb1 45.g3 b2 46.Kg2 g5 47.hxg5 Kg6 48.Rb7 h4 49.gxh4 Kh5
50.Rb4 Kg4 51.Kh2 Rf1 52.Rxb2 Kxh4 53.Rg2 Rxf4  1/2-1/2

[Event "SVK-chT"]
[Site "?"]
[Date "1995.??.??"]
[Round "?"]
[White "Balogh, Tomas"]
[Black "Konopka, Michal"]
[Result "1/2-1/2"]
[WhiteElo "2250"]
[BlackElo "2440"]

1.d4 Nf6 2.c4 g6 3.Nc3 d5 4.cxd5 Nxd5 5.e4 Nxc3 6.bxc3 Bg7 7.Bb5+ c6 8.Ba4 a5
9.Bb3 a4 10.Bc2 O-O 11.Ne2 b5 12.O-O Na6 13.Bg5 f6 14.Be3 e5 15.f4 Be6 16.Qe1 Bc4
17.Rf3 Qe7 18.h4 exd4 19.Bxd4 c5 20.Be3 Rad8 21.Nc1 Rd7 22.Rh3 f5 23.e5 h5
24.Qf2 Rfd8 25.Nb3 Bf8 26.Na5 Bd5 27.Rg3 Kh7 28.Qe2 Bh6 29.Rxg6 Kxg6 30.Bxf5+ Kg7
31.Qxh5 Qf7 32.Qg4+ Kh8 33.e6 Qf6 34.exd7 Qxc3 35.Qg6 Qxa1+ 36.Kh2 Qg7 37.Qe8+ Qg8
38.Bg6 Be6 39.f5 Bxd7 40.Qxg8+ Kxg8 41.Bxh6 b4 42.f6 Be8 43.h5 Bf7 44.Nc6 Re8
45.Ne7+ Rxe7 46.fxe7 Nc7 47.Bf4 Ne8 48.Be3 c4 49.Bc5 b3 50.axb3 cxb3 51.Bf5 Bxh5
52.g4 Bf7 53.Ba3 Nc7 54.g5 Nd5  1/2-1/2

[Event "SVK-chT"]
[Site "?"]
[Date "1995.??.??"]
[Round "?"]
[White "Kantorik, Marian"]
[Black "Konopka, Michal"]
[Result "1/2-1/2"]
[WhiteElo "2270"]
[BlackElo "2440"]

1.d4 Nf6 2.c4 g6 3.Nc3 d5 4.cxd5 Nxd5 5.e4 Nxc3 6.bxc3 Bg7 7.Be3 O-O 8.Rc1 b6
9.Bd3 Bb7 10.Ne2 Nc6 11.O-O Qd7 12.Qd2 Rad8 13.Rcd1 e5 14.d5 Na5 15.Bh6 c6
16.Bxg7 Kxg7 17.c4 Ba6 18.Qc3 Qe7 19.c5 Bxd3 20.d6 Qe6 21.Nf4 Qc4 22.Qxe5+ Kg8
23.Rxd3 Qxc5 24.Qxc5 bxc5 25.Rc1 Rfe8 26.f3 Nb7 27.Rb3 Nxd6 28.Rxc5 Nb5 29.Rb2 Rd1+
30.Kf2 Red8 31.Ne2 R8d2 32.Rcc2 Rxc2 33.Rxc2 Ra1 34.Ke3 Na3 35.Rxc6 Rxa2
36.h4 Nb5 37.Rc5 Nd6 38.g4 a5 39.e5 Ra3+ 40.Kd4 Ne8 41.Nc3 Kf8 42.f4 Ng7
43.Rc8+ Ke7 44.Nd5+ Kd7 45.Rc7+ Ke8 46.Nf6+ Kd8 47.Rd7+ Kc8 48.Rxf7 Ne6+
49.Kc4 Nxf4 50.Rxh7 Re3 51.Kd4 Re1 52.Ra7 Ne6+ 53.Kd5 Nc7+ 54.Kc6 Rc1+ 55.Kb6 Rb1+
56.Kc6 Rc1+ 57.Kb6 Rb1+ 58.Kc6 Rc1+  1/2-1/2

[Event "SWZ-ch"]
[Site "SWZ"]
[Date "1995.??.??"]
[Round "1"]
[White "Nemet, Ivan"]
[Black "Pelletier, Yannick"]
[Result "0-1"]
[WhiteElo "2395"]
[BlackElo "2460"]

1.d4 Nf6 2.c4 g6 3.Nc3 d5 4.cxd5 Nxd5 5.e4 Nxc3 6.bxc3 Bg7 7.Be3 c5 8.Bb5+ Bd7
9.Bxd7+ Nxd7 10.Nf3 Qa5 11.O-O O-O 12.Qb3 Rac8 13.e5 e6 14.Qxb7 Rc7 15.Qe4 Qxc3
16.Rfc1 Qa5 17.dxc5 Nxc5 18.Bxc5 Rxc5 19.Rxc5 Qxc5 20.Rd1 Rb8 21.h3 Rb2 22.Rd8+ Bf8
23.Qh4 h6 24.a4 a5 25.g4 g5 26.Qg3 Kg7 27.Rd1 Qc2 28.Rf1 Qxa4 29.h4 Rb4 30.Nh2 Rb3
31.f3 Bc5+ 32.Kh1 Be3  0-1

[Event "SWZ-chT"]
[Site "SWZ"]
[Date "1995.??.??"]
[Round "3"]
[White "Klauser, Markus"]
[Black "Bichsel, Walter"]
[Result "1-0"]
[WhiteElo "2345"]
[BlackElo "2305"]

1.d4 Nf6 2.c4 g6 3.Nc3 d5 4.cxd5 Nxd5 5.e4 Nxc3 6.bxc3 Bg7 7.Be3 O-O 8.Qd2 c5
9.Nf3 Bg4 10.Be2 Nd7 11.O-O e5 12.Rad1 Qe7 13.d5 Qd6 14.Ng5 Bxe2 15.Qxe2 Rac8
16.f3 c4 17.Qf2 h6 18.Nh3 Nc5 19.Qh4 g5 20.Qg4 Nd7 21.Nf2 Nf6 22.Qf5 Qd7
23.Rd2 b6 24.Rfd1 Rfd8 25.Qxd7 Rxd7 26.Ng4 Nxg4 27.fxg4 Bf8 28.Rf1 Kg7 29.Rb2 Bc5
30.Kf2 Rd6 31.Ke2 Kf8 32.a4 Ke7 33.Rb5 Bxe3 34.Kxe3 a6 35.Rb4 a5 36.Rb5 Rg8
37.Rf5 f6 38.Rf3 Rh8 39.Rh3 Kf7 40.Kf2 Kg6 41.Re3 Rh7 42.Re1 Ra7 43.Reb1 Ra6
44.Kg3 Kg7 45.Kf3 Kg6 46.g3 Kf7 47.h4 Ke7 48.Ke3 Kd7 49.hxg5 hxg5 50.Rh1 Kc7
51.Rbb1 Rd7 52.Rh8 Rf7 53.Re8 Rh7 54.Re6 Rh6 55.Rc6+ Kd7 56.Rxc4 Rh2 57.Rc6 Rg2
58.Kf3 Rc2 59.Rh1  1-0

[Event "SWZ-chT"]
[Site "SWZ"]
[Date "1995.??.??"]
[Round "5"]
[White "Siegel, Georg"]
[Black "Gavrikov, Viktor"]
[Result "0-1"]
[WhiteElo "2480"]
[BlackElo "2605"]

1.d4 Nf6 2.c4 g6 3.Nc3 d5 4.cxd5 Nxd5 5.e4 Nxc3 6.bxc3 Bg7 7.Nf3 c5 8.Rb1 O-O
9.Be2 Nc6 10.d5 Ne5 11.Nxe5 Bxe5 12.Qd2 e6 13.f4 Bc7 14.O-O exd5 15.exd5 Ba5
16.Rb3 b6 17.Qd1 Bd7 18.Ra3 Re8 19.c4 Qf6 20.Qc2 Qd4+ 21.Kh1 Bb4 22.Rg3 Ba4
23.Qd3 f5 24.Qxd4 cxd4 25.Bd3 Be1 26.Rh3 Bd1 27.Bb1 Rac8 28.Rd3 Be2  0-1

[Event "Szekszard op "]
[Site "Szekszard"]
[Date "1995.??.??"]
[Round "?"]
[White "Taborov, Boris"]
[Black "Halasz, Csaba"]
[Result "1-0"]
[WhiteElo "2385"]
[BlackElo "2220"]

1.d4 Nf6 2.c4 g6 3.Nc3 d5 4.cxd5 Nxd5 5.e4 Nxc3 6.bxc3 Bg7 7.Bc4 c5 8.Ne2 cxd4
9.cxd4 Nc6 10.Be3 O-O 11.O-O Bg4 12.f3 Na5 13.Bd5 Bd7 14.Rb1 a6 15.Bxb7 Ra7
16.Bd5 Bb5 17.a4 Bxe2 18.Qxe2 e6 19.Bc4 Bxd4 20.Rfd1 Bxe3+ 21.Qxe3 Rd7 22.Be2 Rxd1+
23.Rxd1 Qc8 24.Rc1 Qb7 25.h4 Nc6 26.h5 a5 27.h6 Rd8 28.Qg5 Qe7 29.Qxe7 Nxe7
30.Rc5 Ra8 31.g4 Kf8 32.Kf2 Nc8 33.Rc7 Nb6 34.Bb5 Rc8 35.Ra7 Ra8 36.Rb7 Nc8
37.Bc6 Na7 38.Rxf7+ Kxf7 39.Bxa8 g5 40.Ke3 Nc8 41.Kd4 Kg6 42.Kc5 Kxh6 43.Bb7 Ne7
44.Kb5  1-0

[Event "Tel Aviv ASA"]
[Site "Tel Aviv"]
[Date "1995.??.??"]
[Round "3"]
[White "Lev, Ronen"]
[Black "Gofshtein, Leonid D"]
[Result "1/2-1/2"]
[WhiteElo "2505"]
[BlackElo "2465"]

1.d4 Nf6 2.c4 g6 3.Nc3 d5 4.cxd5 Nxd5 5.e4 Nxc3 6.bxc3 Bg7 7.Bb5+ Bd7 8.Be2 c5
9.Nf3 Qa5 10.Bd2 Ba4 11.Qc1 Nd7 12.O-O O-O 13.Qa3 b5 14.Rab1 Qa6 15.dxc5 Qc6
16.c4 b4 17.Rxb4 Bc2 18.e5 Be4 19.e6 fxe6 20.Rb5 Rf5 21.Qe3 a6 22.Ra5 Raf8
23.Bd1 Bxf3 24.Ba4 Qa8 25.Qxe6+ Kh8 26.Bxd7 Bxg2 27.c6 R5f6 28.Qe3 Bxf1 29.Kxf1 Rf3
30.Qb6 Rxf2+ 31.Qxf2 Rxf2+ 32.Kxf2 Qb8 33.Kg2 Qb2 34.Rd5 Be5 35.Kf3 Bc7 36.Rd3 Qc2
37.Bc3+ Kg8 38.Be6+ Kf8 39.Ke4 Qg2+ 40.Rf3+ Ke8 41.Bd4 Bxh2 42.Bb6 Qe2+ 43.Re3 Qg2+
44.Rf3  1/2-1/2

[Event "JUG-chT"]
[Site "Tivat"]
[Date "1995.??.??"]
[Round "1"]
[White "Milanovic, Vojislav"]
[Black "Horvath, Jozsef"]
[Result "0-1"]
[WhiteElo "2375"]
[BlackElo "2510"]

1.d4 Nf6 2.c4 g6 3.Nc3 d5 4.cxd5 Nxd5 5.e4 Nxc3 6.bxc3 Bg7 7.Bb5+ c6 8.Ba4 b5
9.Bb3 b4 10.Ne2 bxc3 11.Be3 Ba6 12.O-O Nd7 13.Re1 Qa5 14.Rc1 Rd8 15.Qc2 Nc5
16.dxc5 Rd2 17.Bxd2 cxd2 18.Red1 dxc1=Q 19.Rxc1 O-O 20.Rd1 e6 21.h3 Rd8 22.Rxd8+ Qxd8
23.Ba4 Qa5 24.Kf1 Bc3 25.Bxc6 Qxc5 26.Ba4 Qb4 27.Bb3 Bd4 28.g3 Bb6 29.f3 Qd4
30.Ke1 Qf2+ 31.Kd2 Qxe2+  0-1

[Event "Tivat op"]
[Site "Tivat"]
[Date "1995.??.??"]
[Round "3"]
[White "Petronic, Jovan"]
[Black "Turov, Maxim"]
[Result "1-0"]
[WhiteElo "2450"]
[BlackElo "2345"]

1.d4 Nf6 2.c4 g6 3.Nc3 d5 4.cxd5 Nxd5 5.e4 Nxc3 6.bxc3 Bg7 7.Be3 O-O 8.Qd2 c5
9.Rc1 Qa5 10.d5 f5 11.exf5 Bxf5 12.Ne2 Na6 13.Ng3 Bd7 14.h4 Rad8 15.h5 Be6
16.hxg6 hxg6 17.Bc4 Nc7 18.Bh6 Bxd5 19.Bxg7 Bxc4 20.Qh6 Kf7 21.Bxf8 Rxf8
22.Qf4+  1-0

[Event "JUG-chT"]
[Site "Tivat"]
[Date "1995.??.??"]
[Round "4"]
[White "Mozetic, Dejan"]
[Black "Vujacic, Borivoje"]
[Result "0-1"]
[WhiteElo "2505"]
[BlackElo "2330"]

1.d4 Nf6 2.c4 g6 3.Nc3 d5 4.cxd5 Nxd5 5.e4 Nxc3 6.bxc3 Bg7 7.Nf3 O-O 8.Be2 c5
9.Rb1 Nc6 10.d5 Ne5 11.Nxe5 Bxe5 12.Qc2 Qd6 13.g3 e6 14.f4 Bg7 15.c4 exd5
16.cxd5 Re8 17.Rb3 Bd7 18.e5 Qxd5 19.Bf3 Qe6 20.Rxb7 Bc6 21.Rb3 c4 22.Rc3 Bxf3
23.Rxf3 f6 24.O-O fxe5 25.f5 gxf5 26.Rxf5 Rf8 27.Bb2 Qb6+ 28.Kg2 Qc6+ 29.Kh3 Rxf5
30.Rxf5 Re8 31.Qd2 Qe6 32.g4 h6 33.Qe3 Rd8 34.Qe4 Rd3+ 35.Kh4 Bf6+ 36.g5 Bxg5+
37.Kg4 Be7 38.Qxe5 Qg6+ 39.Kf4 Bd6  0-1

[Event "SVK-ch"]
[Site "Trencin"]
[Date "1995.??.??"]
[Round "5"]
[White "Debnar, Lubos"]
[Black "Banas, Jan"]
[Result "1-0"]
[WhiteElo "2250"]
[BlackElo "2375"]

1.d4 Nf6 2.c4 g6 3.Nc3 d5 4.cxd5 Nxd5 5.e4 Nxc3 6.bxc3 Bg7 7.Bc4 c5 8.Ne2 O-O
9.O-O Nc6 10.Be3 Na5 11.Bd3 b6 12.Qd2 Bb7 13.Bh6 cxd4 14.cxd4 e6 15.Qf4 Bxh6
16.Qxh6 Nc6 17.Qe3 Rc8 18.Rad1 Qe7 19.Rfe1 Rfd8 20.Bb1 Qb4 21.h4 Ba6 22.a3 Qe7
23.Nf4 Qxh4 24.d5 e5 25.dxc6 exf4 26.Qc3 f3 27.g3 Qe7 28.Ba2 Be2 29.Rxd8+ Qxd8
30.Bd5 Qg5 31.e5 Rc7 32.Bxf3 Bxf3 33.Qxf3 Qe7 34.Qd5 Qg5 35.Rd1 Qe7 36.Kg2 Kg7
37.Qd6 b5 38.f4 a5 39.Kf3 Kf8 40.Ke4 Rc8 41.Qxe7+ Kxe7 42.Rd7+ Ke8 43.Kd5 b4
44.axb4 axb4 45.Rb7 Rd8+ 46.Kc5 Rd3 47.Rxb4 Rxg3 48.Rb8+ Ke7 49.c7 Rc3+ 50.Kb6 Ke6
51.c8=Q+ Rxc8 52.Rxc8 Kf5 53.Kc5 Kxf4 54.Kd6 h5 55.Rf8  1-0

[Event "SVK-ch"]
[Site "Trencin"]
[Date "1995.??.??"]
[Round "6"]
[White "Priehoda, Vitezslav"]
[Black "Oral, Tomas"]
[Result "1/2-1/2"]
[WhiteElo "2365"]
[BlackElo "2410"]

1.d4 Nf6 2.c4 g6 3.Nc3 d5 4.cxd5 Nxd5 5.e4 Nxc3 6.bxc3 Bg7 7.Bc4 c5 8.Ne2 O-O
9.Be3 Nc6 10.O-O Qc7 11.Rc1 Rd8 12.Bf4 Qd7 13.d5 Ne5 14.Bxe5 Bxe5 15.f4 Bc7
16.a4 a6 17.Bb3 b5 18.c4 bxc4 19.Bxc4 Qe8 20.e5 Rb8 21.Nc3 Ba5 22.Ne4 Rb4
23.Kh1 Bb7 24.Nxc5 Rxc4 25.Nxb7 Rxc1 26.Qxc1 Rxd5 27.Qc4 Qd7 28.Nd6 Qe6 29.f5 Qxe5
30.Qc8+ Kg7 31.f6+ exf6 32.Ne8+ Kh6 33.Qh3+ Qh5 34.Qe3+ Qg5 35.Qh3+ Qh5 36.Qe3+  1/2-1/2

[Event "Val Thorens op"]
[Site "Val Thorens"]
[Date "1995.??.??"]
[Round "?"]
[White "Mollov, Elin"]
[Black "Horvath, J."]
[Result "1/2-1/2"]
[WhiteElo "2375"]
[BlackElo "2510"]

1.d4 Nf6 2.c4 g6 3.Nc3 d5 4.cxd5 Nxd5 5.e4 Nxc3 6.bxc3 Bg7 7.Nf3 c5 8.Bb5+ Nc6
9.O-O cxd4 10.cxd4 O-O 11.Be3 Bg4 12.Bxc6 bxc6 13.Rc1 Qa5 14.Qd2 Qxd2 15.Nxd2 Rfd8
16.Nb3 a5 17.Rxc6  1/2-1/2

[Event "Val Thorens op"]
[Site "Val Thorens"]
[Date "1995.??.??"]
[Round "?"]
[White "Mollov, Elin"]
[Black "Roos, Daniel"]
[Result "1/2-1/2"]
[WhiteElo "2375"]
[BlackElo "2435"]

1.d4 Nf6 2.c4 g6 3.Nc3 d5 4.cxd5 Nxd5 5.e4 Nxc3 6.bxc3 Bg7 7.Nf3 O-O 8.Be3 Nd7
9.Bd3 c5 10.O-O Qc7 11.Qd2 Rd8 12.Bg5 Re8 13.Rab1 a6 14.a4 e5 15.Qa2 exd4
16.cxd4 cxd4 17.Rfc1 Qd6 18.Bc4 Rf8 19.Bd2 a5 20.Rb5 Ne5 21.Nxe5 Bxe5 22.g3 b6
23.Qb3 Ba6 24.Rxb6 Bxc4 25.Rxc4 Rfb8 26.Rxd6 Rxb3 27.Rd5 Bg7 28.Rxa5 Re8
29.Rac5 h5 30.Rc8 Rxc8 31.Rxc8+ Kh7 32.a5 Ra3 33.Kf1 d3 34.Rc1 Bd4 35.Ke1 Ra2
36.f3 Kg7 37.Bc3 Re2+ 38.Kd1 Bxc3 39.Rxc3 Ra2 40.Rxd3 Rxa5 41.Ke2 Kf6 42.Ke3 Ke5
43.h3 Rb5 44.Ra3 Rc5 45.h4 Rb5 46.f4+ Kf6 47.Ra6+ Ke7 48.Ra7+ Ke6 49.Ra3 Rb6
50.Kf3 Rc6 51.g4 hxg4+ 52.Kxg4 Kf6 53.Ra7 Rc1 54.e5+ Kg7 55.Ra3 Kh6 56.Rg3 Rc4
57.Rd3 Rc1 58.Rd7 Kg7 59.Kf3 Kf8 60.Kf2 Rh1 61.Kg3 Rg1+ 62.Kf3 Rh1 63.Rd8+ Kg7
64.Rd7 Kf8  1/2-1/2

[Event "Sonnevanck"]
[Site "Wijk aan Zee"]
[Date "1995.??.??"]
[Round "7"]
[White "Delemarre, Jop"]
[Black "Ftacnik, Lubomir"]
[Result "0-1"]
[WhiteElo "2235"]
[BlackElo "2605"]

1.d4 Nf6 2.c4 g6 3.Nc3 d5 4.cxd5 Nxd5 5.e4 Nxc3 6.bxc3 Bg7 7.Nf3 c5 8.Rb1 O-O
9.Be2 Nc6 10.d5 Ne5 11.Nxe5 Bxe5 12.Qd2 b6 13.O-O Bg7 14.f4 e6 15.d6 e5 16.Bc4 Be6
17.Bb5 exf4 18.Qd3 c4 19.Qd1 Qg5 20.Ba3 Rfd8 21.Qd2 Be5 22.g3 Rxd6 23.Bxd6 Rd8
24.Qg2 f3 25.Qxf3 Rxd6 26.Kh1 Rd3 27.Qg2 Qh5 28.Rg1 Rxg3  0-1

[Event "Sonnevanck"]
[Site "Wijk aan Zee"]
[Date "1995.??.??"]
[Round "9"]
[White "Wells, Peter K"]
[Black "Ftacnik, Lubomir"]
[Result "0-1"]
[WhiteElo "2530"]
[BlackElo "2605"]

1.d4 Nf6 2.c4 g6 3.Nc3 d5 4.cxd5 Nxd5 5.e4 Nxc3 6.bxc3 Bg7 7.Nf3 c5 8.Rb1 O-O
9.Be2 Nc6 10.d5 Ne5 11.Nxe5 Bxe5 12.Qd2 b6 13.f4 Bg7 14.O-O e6 15.dxe6 fxe6
16.Bc4 Qe7 17.f5 Kh8 18.fxg6 Rxf1+ 19.Bxf1 Bb7 20.Bd3 hxg6 21.Qe3 Rd8 22.Qh3+ Kg8
23.Bf4 g5 24.Bc1 g4 25.Qe3 Be5 26.Be2 Qg7 27.Bd2 Rd4 28.Bd3 Qg6 29.Re1 Bc6
30.Bc2 Rd6 31.Rf1 Bb5 32.Rb1 Bc4 33.a4 g3 34.hxg3 Rd7 35.Bb3 Rd3 36.Qf2 Bxb3
37.Rxb3 Qxe4 38.a5 Bd4  0-1

[Event "Oberliga Wuert9596"]
[Site "Wuerttemberg"]
[Date "1995.??.??"]
[Round "?"]
[White "Schnepp, Gunnar"]
[Black "Trettin, Ulrich"]
[Result "1-0"]
[WhiteElo "2280"]
[BlackElo "2270"]

1.d4 Nf6 2.c4 g6 3.Nc3 d5 4.cxd5 Nxd5 5.e4 Nxc3 6.bxc3 Bg7 7.Nf3 O-O 8.Be2 c5
9.Rb1 cxd4 10.cxd4 Qa5+ 11.Bd2 Qxa2 12.O-O Qe6 13.Qc2 b6 14.Bc4 Qd7 15.Ne5 Bxe5
16.dxe5 Ba6 17.e6 fxe6 18.Bh6 Rf7 19.Rfd1 Qc8 20.Bxe6 Qe8  1-0

[Event "Zadar op"]
[Site "Zadar"]
[Date "1995.??.??"]
[Round "?"]
[White "Cebalo, Miso"]
[Black "Kozul, Zdenko"]
[Result "0-1"]
[WhiteElo "2570"]
[BlackElo "2570"]

1.d4 g6 2.c4 Nf6 3.Nc3 d5 4.cxd5 Nxd5 5.e4 Nxc3 6.bxc3 Bg7 7.Nf3 c5 8.Rb1 O-O
9.Be2 cxd4 10.cxd4 Qa5+ 11.Bd2 Qxa2 12.O-O Nd7 13.Bb4 Nb6 14.Ra1 Qe6 15.Qb1 f5
16.Ra5 Qf7 17.e5 h6 18.Rc1 Rd8 19.Bc5 Nd5 20.Rxa7 Rxa7 21.Bxa7 e6 22.Bb6 Re8
23.Bc4 Bd7 24.Bxd5 exd5 25.Rc7 Qe6 26.Rxb7 Bc6 27.Ra7 Rb8 28.Qb4 Bd7 29.h4 Rxb6
30.Qc5 Rc6 31.Qb4 Ra6 32.Rc7 Bf8 33.Qb7 Rb6 34.Qa7 Be8 35.Kh2 Rc6 36.Rb7 f4
37.Rb8 Rc8 38.Rb6 Bc6 39.Qa6 Be7 40.Ne1 Bd8 41.Rb3 Ra8 42.Qe2 Bxh4 43.Nd3 Qf5
44.Nc5 Bd8  0-1

[Event "Zadar op"]
[Site "Zadar"]
[Date "1995.??.??"]
[Round "?"]
[White "Bilobrk, Franjo"]
[Black "Rogulj, Branko"]
[Result "1-0"]
[WhiteElo "2315"]
[BlackElo "2425"]

1.d4 Nf6 2.c4 g6 3.Nc3 d5 4.cxd5 Nxd5 5.e4 Nxc3 6.bxc3 Bg7 7.Bc4 O-O 8.Ne2 Nc6
9.O-O e5 10.Ba3 Re8 11.d5 Na5 12.Bd3 c6 13.c4 b6 14.Rc1 c5 15.Bb2 Nb7 16.Ng3 Qh4
17.Ne2 Nd6 18.Qc2 f5 19.Nc3 f4 20.f3 Bd7 21.a4 h5 22.Nb5 Bxb5 23.axb5 a6
24.bxa6 Rxa6 25.Ra1 Rea8 26.Rxa6 Rxa6 27.Bc3 Qe7 28.Qb2 Qa7 29.Rb1 Nf7 30.Bf1 Kf8
31.Qb5 Ke7 32.Qb2 Bf6 33.g3 fxg3 34.hxg3 Bg5 35.Bxe5 Be3+ 36.Kh1 Nxe5 37.Qxe5+ Kf7
38.Bh3 Bd4 39.Be6+ Ke7 40.d6+ Kf8 41.Qf4+ Kg7 42.e5 Ra1 43.Qf6+ Kh7 44.Qe7+ Qxe7
45.dxe7 Rxb1+ 46.Kh2 Rb2+ 47.Kh3 Bg1 48.g4 Rh2+ 49.Kg3 h4+ 50.Kf4 Re2 51.e8=Q Be3+
52.Ke4 Bd4+ 53.Kd3 Re3+ 54.Kd2 Rxe5 55.Qg8+ Kh6 56.Qf8+ Kh7 57.Bg8+ Kh8 58.Bf7+ Kh7
59.Qg8+  1-0

[Event "EU-ch U18"]
[Site "Zagan"]
[Date "1995.??.??"]
[Round "4"]
[White "Martin, David"]
[Black "Zitin, Yuri"]
[Result "1/2-1/2"]
[WhiteElo "2180"]
[BlackElo "2315"]

1.d4 Nf6 2.c4 g6 3.Nc3 d5 4.cxd5 Nxd5 5.e4 Nxc3 6.bxc3 Bg7 7.Nf3 c5 8.Rb1 O-O
9.Be2 Nc6 10.d5 Ne5 11.O-O Nxf3+ 12.gxf3 Bxc3 13.Qc2 Bd4 14.Rd1 e5 15.dxe6 fxe6
16.e5 Qh4 17.Bb2 Rxf3 18.Bxd4 b6 19.Bxf3 Qg5+ 20.Kh1 Bb7 21.Rb3 cxd4 22.Qc7 Bd5
23.Rxd4 Bxb3 24.axb3  1/2-1/2

[Event "Zalakaros op"]
[Site "Zalakaros"]
[Date "1995.??.??"]
[Round "3"]
[White "Gladyszev, Oleg"]
[Black "Gyorkos, Lajos"]
[Result "1/2-1/2"]
[WhiteElo "2240"]
[BlackElo "2405"]

1.d4 Nf6 2.c4 g6 3.Nc3 d5 4.cxd5 Nxd5 5.e4 Nxc3 6.bxc3 Bg7 7.Nf3 O-O 8.Be2 b6
9.O-O c5 10.Be3 Bb7 11.Qd3 Ba6 12.Qd2 Qd7 13.Bxa6 Nxa6 14.d5 Qa4 15.Bh6 Rad8
16.Rad1 Nc7 17.Qf4 Bxh6 18.Qxh6 f6 19.h4 Rf7 20.Rfe1 Qxa2 21.Ra1 Qc4 22.Rxa7 Nb5
23.Rb7 Nd6 24.Rxb6 Nxe4 25.Re6 Nd6 26.Rxe7 Qxd5 27.Rxf7 Nxf7 28.Qf4 Qd6 29.Qc4  1/2-1/2

[Event "Zaragoza op-A"]
[Site "Zaragoza"]
[Date "1995.??.??"]
[Round "5"]
[White "Comas Fabrego, Luis"]
[Black "Sion Castro, Marcelino"]
[Result "1-0"]
[WhiteElo "2490"]
[BlackElo "2390"]

1.d4 Nf6 2.c4 g6 3.Nc3 d5 4.cxd5 Nxd5 5.e4 Nxc3 6.bxc3 Bg7 7.Nf3 c5 8.Rb1 O-O
9.Be2 Nc6 10.d5 Ne5 11.Nxe5 Bxe5 12.Qd2 b6 13.O-O e6 14.f4 Bg7 15.dxe6 fxe6
16.Bc4 Qf6 17.f5 Qxc3 18.Qe2 Qd4+ 19.Kh1 Bb7 20.Bb2 Qxe4 21.Bxe6+ Kh8 22.Qxe4 Bxe4
23.f6 Rxf6 24.Bxf6 Bxf6 25.Rbe1 Bf5 26.Bxf5 gxf5 27.Rxf5 Rf8 28.Re6 Kg7 29.Rc6 Rf7
30.g3 Be7 31.Rxf7+ Kxf7 32.Kg2 b5 33.Ra6 c4 34.Rxa7 b4 35.Kf3 c3 36.Ke2 h5
37.Kd3 Kf6 38.Ra5 Kg6 39.Re5 Bf8 40.h4 Kh6 41.Rf5 Be7 42.Rf7 Bc5 43.Rf6+ Kg7
44.Rf5  1-0

[Event "Zaragoza op-A"]
[Site "Zaragoza"]
[Date "1995.??.??"]
[Round "9"]
[White "Adla, Diego"]
[Black "Sion Castro, Marcelino"]
[Result "1/2-1/2"]
[WhiteElo "2435"]
[BlackElo "2390"]

1.d4 Nf6 2.c4 g6 3.Nc3 d5 4.cxd5 Nxd5 5.e4 Nxc3 6.bxc3 Bg7 7.Be3 c5 8.Qd2 Qa5
9.Rb1 b6 10.Bb5+ Bd7 11.Bd3 Nc6 12.Nf3 O-O 13.Rb5 Qa4 14.Rb2 Rad8 15.O-O Na5
16.Bh6 Nc4 17.Bxc4 Qxc4 18.Bxg7 Kxg7 19.Ne5 Qa4 20.Qe3 f6 21.Nxd7 Rxd7 22.dxc5 bxc5
23.e5 Rd1 24.exf6+ exf6 25.Re2 Rxf1+ 26.Kxf1 Qc4 27.Kg1 Rf7 28.Rd2 Rc7 29.g3 Qf7
30.h4 h5 31.a4 Qe7 32.Qxe7+ Rxe7 33.a5 Kf8 34.Rd5 Re5 35.Rd7 Re7 36.Rd5 Re5
37.Rd7 Re7  1/2-1/2

[Event "Zlin"]
[Site "Zlin"]
[Date "1995.??.??"]
[Round "?"]
[White "Vokac, Marek"]
[Black "Stohl, Igor"]
[Result "1-0"]
[WhiteElo "2475"]
[BlackElo "2525"]

1.d4 Nf6 2.c4 g6 3.Nc3 d5 4.cxd5 Nxd5 5.e4 Nxc3 6.bxc3 Bg7 7.Nf3 c5 8.Rb1 O-O
9.Be2 Nc6 10.d5 Ne5 11.Nxe5 Bxe5 12.Qd2 b6 13.f4 Bg7 14.O-O e6 15.dxe6 fxe6
16.Qe3 Bb7 17.Bc4 Kh8 18.Bxe6 Qf6 19.Bb3 g5 20.Qe2 gxf4 21.Bxf4 Qxc3 22.Kh1 Qd4
23.Bc2 Rae8 24.Rbd1 Qb2 25.e5 Qxa2 26.Rd7 Bc6 27.Rxg7 Kxg7 28.Qd3 Qg8 29.e6 Rxf4
30.Rxf4 Rxe6 31.Qc3+ Kh6 32.Rf6+ Kg5 33.h4+  1-0

[Event "Zuerich op"]
[Site "Zuerich"]
[Date "1995.??.??"]
[Round "1"]
[White "Umbach, Andreas"]
[Black "Tukmakov, Vladimir B"]
[Result "0-1"]
[WhiteElo "2165"]
[BlackElo "2600"]

1.d4 Nf6 2.c4 g6 3.Nc3 d5 4.cxd5 Nxd5 5.e4 Nxc3 6.bxc3 Bg7 7.Bc4 O-O 8.Ne2 Nc6
9.Be3 e5 10.Qd2 b6 11.Rd1 Qe8 12.Bd3 Na5 13.f4 exd4 14.Bxd4 Bb7 15.Bxg7 Kxg7
16.Qe3 Rd8 17.O-O f5 18.e5 c5 19.e6 Rf6 20.Bxf5 gxf5 21.Rxd8 Qxd8 22.Ng3 Qe8
23.Qe5 Qxe6 24.Nh5+ Kf7 25.Nxf6 Qxf6 26.Qe2 Qe6 27.Qd1 Nc4 28.Re1 Be4 29.Qd8 Qd6
30.Qh8 Qg6 31.Re2 Qg8 32.Qxg8+ Kxg8 33.g4 Kf7 34.gxf5 Bxf5 35.Kf2 b5 36.Kg3 a5
37.Kh4 b4 38.cxb4 axb4 39.Kg5 Bd3 40.Re1 Nd6  0-1